000
00361nam a2200145Ia 4500
008
231129s1990||||xx |||||||||||||| ||spa||
020
_a
968-422-087-1
040
_b
spa
082
_a
R 540 D281m
100
_a
Dean John A.
245
0
_a
Manual de quimica
260
_c
1990
264
_a
McGraw-Hill
942
_2
ddc
_c
BKS
999
_c
20442
_d
20442